000 00312nam a22001337a 4500
008 180828b xxu||||| |||| 00| 0 eng d
020 _a9780132251501
041 _aeng
080 _24 ED
_a910
100 _a42
101 _aGEO
245 _aINTRODUCTION ENVIROMENTAL GEOLOGY
_cKELLER.E.A
942 _2udc
_cBK
999 _c47365
_d47365